Famous five (Record no. 156337)
[ view plain ]
| 000 -LEADER | |
|---|---|
| fixed length control field | 00717nam a22002297a 4500 |
| 005 - DATE AND TIME OF LATEST TRANSACTION | |
| control field | 20180915113303.0 |
| 006 - FIXED-LENGTH DATA ELEMENTS--ADDITIONAL MATERIAL CHARACTERISTICS--GENERAL INFORMATION | |
| fixed length control field | a|||||f|||| 00| 0 |
| 007 - PHYSICAL DESCRIPTION FIXED FIELD--GENERAL INFORMATION | |
| fixed length control field | tc |
| 008 - FIXED-LENGTH DATA ELEMENTS--GENERAL INFORMATION | |
| fixed length control field | 180720b xxu||||| |||| 00| 0 eng d |
| 010 ## - LCCN (DPL NO) | |
| LC control number | BR-000960-BR-000963 |
| 020 ## - INTERNATIONAL STANDARD BOOK NUMBER | |
| Terms of availability | 177.00(Per set) |
| 035 ## - SYSTEM CONTROL NUMBER | |
| System control number | BR-000960 |
| 037 ## - SOURCE OF ACQUISITION | |
| Source of stock number/acquisition | A.I.C.B. |
| 082 ## - DEWEY DECIMAL CLASSIFICATION NUMBER | |
| Classification number | S |
| 100 ## - MAIN ENTRY--PERSONAL NAME | |
| Personal name | Blyton, Enid |
| 245 ## - TITLE STATEMENT | |
| Title | Famous five |
| Statement of responsibility, etc | by Enid Blyton |
| 260 ## - PUBLICATION, DISTRIBUTION, ETC. (IMPRINT) | |
| Place of publication, distribution, etc | Delhi |
| Name of publisher, distributor, etc | A.C.I.B. |
| Date of publication, distribution, etc | N.D. |
| 270 ## - ADDRESS | |
| Address | Sector-5, Rohini, |
| City | New Delhi |
| Postal code | 110085 |
| 300 ## - PHYSICAL DESCRIPTION | |
| Extent | 2V.,various pages. |
| Dimensions | 30cm(HB). |
| 942 ## - ADDED ENTRY ELEMENTS (KOHA) | |
| Source of classification or shelving scheme | Dewey Decimal Classification |
| Item type | Braille-Books-English |
| Classification part | S |
| Call number suffix | BLY |
| Withdrawn status | Lost status | Materials specified (bound volume or other part) | Not for loan | Collection code | Home library | Current library | Date acquired | Source of acquisition | Cost, normal purchase price | Full call number | Barcode | Copy number | Koha item type |
|---|---|---|---|---|---|---|---|---|---|---|---|---|---|
| Withdrawn | V.- 1 | Fiction | Braille-Library | Braille-Library | 15/09/2011 | 3263/15-09-2011 | 177.00 | S BLY | BR-000960 | 1 | Braille-Books-English | ||
| V.- 2 | Fiction | Braille-Library | Braille-Library | 15/09/2011 | 3263/15-09-2011 | 177.00 | S BLY | BR-000961 | 1 | Braille-Books-English | |||
| V.- 1 | Fiction | Braille-Library | Braille-Library | 15/09/2011 | 3263/15-09-2011 | 177.00 | S BLY | BR-000962 | 1 | Braille-Books-English | |||
| V.- 2 | Fiction | Braille-Library | Braille-Library | 15/09/2011 | 3263/15-09-2011 | 177.00 | S BLY | BR-000963 | 1 | Braille-Books-English |
